酿酒、品酒不简单 (Record no. 40578)

000 -LEADER
fixed length control field 00503nam a22001937a 4500
003 - CONTROL NUMBER IDENTIFIER
control field MPLRDC
005 - DATE AND TIME OF LATEST TRANSACTION
control field 20220104143515.0
008 - FIXED-LENGTH DATA ELEMENTS--GENERAL INFORMATION
fixed length control field 210129b ||||| |||| 00| 0 eng d
020 ## - INTERNATIONAL STANDARD BOOK NUMBER
International Standard Book Number 978-986-177-317-9
082 ## - DEWEY DECIMAL CLASSIFICATION NUMBER
Classification number 463.81 JLZH
100 ## - MAIN ENTRY--PERSONAL NAME
Personal name 酒类综合研究所
245 ## - TITLE STATEMENT
Title 酿酒、品酒不简单
Statement of responsibility, etc. 黄郁婷 译
250 ## - EDITION STATEMENT
Edition statement 初版
260 ## - PUBLICATION, DISTRIBUTION, ETC.
Place of publication, distribution, etc. 台湾
Name of publisher, distributor, etc. 晨星出版有限公司
Date of publication, distribution, etc. 2009
300 ## - PHYSICAL DESCRIPTION
Other physical details 191
490 ## - SERIES STATEMENT
Series statement 知的!: 06
650 ## - SUBJECT ADDED ENTRY--TOPICAL TERM
Topical term or geographic name entry element 酒类制造
942 ## - ADDED ENTRY ELEMENTS (KOHA)
Koha item type Book
-- 463.81 JLZH
Holdings
Withdrawn status Lost status Source of classification or shelving scheme Damaged status Not for loan Collection code Home library Current library Shelving location Date acquired Cost, normal purchase price Total Checkouts Full call number Barcode Date last seen Date last checked out Price effective from Koha item type Public note
            Malaysian Public Library, Research and Development Centre Malaysian Public Library, Research and Development Centre   10/12/2007 35.75   463.81 JLZH 00040718 18/03/2021 30/06/2015 18/03/2021 Book mplrdc

© 2022. Malaysian Public Library, Research and Development Centre. All Right ReservedE-mailmplrdc@help.edu.my 

Powered by Koha